Walden and civil disobedience / (Record no. 200468172)

MARC details
000 -LEADER
fixed length control field 02934cam a2200553 a 4500
001 - CONTROL NUMBER
control field 200468172
003 - CONTROL NUMBER IDENTIFIER
control field TR-AnTOB
005 - DATE AND TIME OF LATEST TRANSACTION
control field 20260417152530.0
007 - PHYSICAL DESCRIPTION FIXED FIELD--GENERAL INFORMATION
fixed length control field ta
008 - FIXED-LENGTH DATA ELEMENTS--GENERAL INFORMATION
fixed length control field 901121r19861983nyu b 000 0 eng d
010 ## - LIBRARY OF CONGRESS CONTROL NUMBER
LC control number 83006268
020 ## - INTERNATIONAL STANDARD BOOK NUMBER
International Standard Book Number 9780140390445
International Standard Book Number 0140390448
International Standard Book Number 087692450X
International Standard Book Number 9780876924501
035 ## - SYSTEM CONTROL NUMBER
System control number (CLU)3297745-ucladb-Voyager
System control number (TR-AnTOB)200468172
System control number (OCoLC)22722811
Canceled/invalid control number (OCoLC)85961490
-- (OCoLC)881464489
-- (OCoLC)957031588
-- (OCoLC)1039472799
-- (OCoLC)1098335750
-- (OCoLC)1355362928
-- (OCoLC)1499150583
System control number (OCoLC)ocm22722811
System control number (EXLNZ-01UCS_NETWORK)9913172089306531
040 ## - CATALOGING SOURCE
Original cataloging agency GSU
Language of cataloging eng
Description conventions rda
Transcribing agency GSU
Modifying agency OCL
-- XY4
-- OCLCQ
-- OCLCG
-- SXC
-- OCLCQ
-- OCLCA
-- OCLCF
-- OCLCQ
-- OCLCO
-- CVS
-- OCLCQ
-- NRC
-- WHCCD
-- OCLCQ
-- AZN
-- OCLCO
-- OCLCQ
-- MWA
-- OCLCO
-- OCLCL
-- OCLCQ
-- MYIIU
-- SZT
-- LCOAD
-- DCT
-- RDF
-- OCLCO
-- H9Z
-- OCLCL
-- TR-AnTOB
043 ## - GEOGRAPHIC AREA CODE
Geographic area code n-us-ma
049 ## - LOCAL HOLDINGS (OCLC)
Holding library MAIN
050 #4 - LIBRARY OF CONGRESS CALL NUMBER
Classification number PS3048
Item number .A1 1986
090 ## - LOCALLY ASSIGNED LC-TYPE CALL NUMBER (OCLC); LOCAL CALL NUMBER (RLIN)
Classification number (OCLC) (R) ; Classification number, CALL (RLIN) (NR) PS3048
Local cutter number (OCLC) ; Book number/undivided call number, CALL (RLIN) .A1 1986
100 1# - MAIN ENTRY--PERSONAL NAME
Personal name Thoreau, Henry David,
Dates associated with a name 1817-1862
Authority record control number or standard number http://id.loc.gov/authorities/names/n78095600
9 (RLIN) 44703
240 10 - UNIFORM TITLE
Uniform title Walden
245 10 - TITLE STATEMENT
Title Walden and civil disobedience /
Statement of responsibility, etc. by Henry David Thoreau ; with an introduction by Michael Meyer.
246 3# - VARYING FORM OF TITLE
Title proper/short title Walden
Title proper/short title Civil disobedience
264 ## - PRODUCTION, PUBLICATION, DISTRIBUTION, MANUFACTURE, AND COPYRIGHT NOTICE
Place of production, publication, distribution, manufacture New York, N.Y., U.S.A. :
Name of producer, publisher, distributor, manufacturer Penguin Books,
Date of production, publication, distribution, manufacture, or copyright notice ©1986
300 ## - PHYSICAL DESCRIPTION
Extent 431 pages ;
Dimensions 19 cm
336 ## - CONTENT TYPE
Content type term text
Content type code txt
Source rdacontent
337 ## - MEDIA TYPE
Media type term unmediated
Media type code n
Source rdamedia
338 ## - CARRIER TYPE
Carrier type term volume
Carrier type code nc
Source rdacarrier
500 ## - GENERAL NOTE
General note Reprint of the Penguin American Library edition published in 1983.
504 ## - BIBLIOGRAPHY, ETC. NOTE
Bibliography, etc. note
505 0# - FORMATTED CONTENTS NOTE
Formatted contents note Walden: Economy -- Where I lived, and what I lived for -- Reading -- Sounds -- Solitude -- Visitors -- Bean-field -- Village -- Ponds -- Baker Farm -- Higher laws -- Brute neighbors -- House-warming -- Former inhabitants; and winter visitors -- Winter animals -- Pond in winter -- Spring -- Conclusion -- Civil disobedience.
520 ## - SUMMARY, ETC.
Summary, etc. Thoreau's famous account of a year spent in a cabin at Walden Pond near Concord, during which he made many observations about nature, human life, and the importance of simplicity. Also includes his influential essay "Civil disobedience," arguing that since what is law is not necessarily right, and just because the majority decides an issue doesn't automatically make that issue palatable to a man's conscience, individuals should sometimes oppose the majority and break unjust laws in order to change them.
650 #0 - SUBJECT ADDED ENTRY--TOPICAL TERM
Topical term or geographic name entry element Civil disobedience
Authority record control number or standard number http://id.loc.gov/authorities/subjects/sh90000103
9 (RLIN) 14237
Topical term or geographic name entry element Loneliness
Authority record control number or standard number https://id.nlm.nih.gov/mesh/D008132
9 (RLIN) 106697
655 #7 - INDEX TERM--GENRE/FORM
Genre/form data or focus term Biographies
Source of term fast
9 (RLIN) 146142
951 ## - EQUIVALENCE OR CROSS-REFERENCE--GEOGRAPHIC NAME/AREA NAME [OBSOLETE] [CAN/MARC only]
Geographic name UclaCollMgr MonosBKS19851987 20210430
Geographic name A+ ar 930310
Geographic name MARS
942 ## - ADDED ENTRY ELEMENTS (KOHA)
Source of classification or shelving scheme Library of Congress Classification
Koha item type Book
Holdings
Withdrawn status Lost status Source of classification or shelving scheme Damaged status Not for loan Collection code Home library Current library Shelving location Date acquired Source of acquisition Inventory number Total Checkouts Full call number Barcode Date last seen Copy number Date shelved Koha item type Public note
    Library of Congress Classification Kullanılmış / Used Ödünç Verilemez-Kurumiçi kullanım / Not for loan-For inhouse use Genel Koleksiyon Tıp Fakültesi Medikal Kütüphane Tıp Fakültesi Medikal Kütüphane Genel Koleksiyon / Main Collection 18/03/2026 Bağış / Donation İDE   PS3048 .A1 1986 TıpFaK TF03156 17/04/2026 1 17/04/2026 Book Donated by Prof. Dr. Şükrü Cin
Devinim Yazılım Eğitim Danışmanlık tarafından Koha'nın orjinal sürümü uyarlanarak geliştirilip kurulmuştur.